| 000 | 00911nam a2200313Ia 4500 | ||
|---|---|---|---|
| 003 | OSt | ||
| 005 | 20221006150903.0 | ||
| 006 | a|||||r|||| 00| 0 | ||
| 007 | ta | ||
| 008 | 221006b |||||||| |||| 00| 0 eng d | ||
| 020 |
_a0520042581 _c369.00 |
||
| 020 | _a9780520042582 | ||
| 024 | _a20,111 | ||
| 037 | _cTextual | ||
| 040 |
_aEASL _cEASL _beng |
||
| 041 |
_2eng _aeng |
||
| 082 | _aY73.420j495.N8, M1 | ||
| 100 |
_aLEE Changsoo _9657888 |
||
| 245 | 0 |
_aKoreans in Japan _b Ethnic conflict and accommodation |
|
| 260 |
_aBerkeley _bUniversity Of California Press _c1981 |
||
| 300 |
_a435p. _ccm. |
||
| 490 | _v KEL | ||
| 650 |
_a Japan - Ethnic relations _9646912 |
||
| 650 | _a KEL | ||
| 650 |
_aKoreans - Ethnic identity _9657889 |
||
| 700 |
_a DEVOS George _9657890 |
||
| 942 |
_hY73.420j495.N8, M1 _cTEXL _2CC |
||
| 999 |
_c1088197 _d1088197 |
||